[Event "Guernsey op 44th"]
[Site "Vale"]
[Date "2018.10.21"]
[Round "1"]
[White "Grieve, Harry"]
[Black "Dijksterhuis, Rolf"]
[Result "1-0"]
[WhiteElo "2292"]
[BlackElo "1958"]
[PlyCount "71"]
[EventDate "2018.10.21"]
[EventType "swiss"]
[EventRounds "7"]
[EventCountry "GCI"]
[SourceTitle "CBM 187 Extra"]
[Source "ChessBase"]
[SourceDate "2018.11.04"]
[SourceVersion "1"]
[SourceVersionDate "2018.11.04"]
[SourceQuality "1"]

1. d4 d5 2. Bg5 Nf6 3. Bxf6 exf6 4. e3 Bd6 5. g3 0-0 6. Bg2 c6 7. Ne2 Re8 8. 0-0 Bf5 9. b3 Nd7 10. c4 dxc4 11. bxc4 Be4 12. Bxe4 Rxe4 13. Nbc3 Re8 14. Rb1 b6 15. a4 f5 16. a5 bxa5 17. Qd3 g6 18. c5 Bc7 19. Qa6 Re6 20. Rfd1 g5 21. Qd3 Qf6 22. Rb7 Rc8 23. Rxa7 f4 24. exf4 gxf4 25. Nxf4 Bxf4 26. Rxd7 Rc7 27. Rxc7 Bxc7 28. d5 cxd5 29. Nxd5 Qd8 30. Qf3 Qb8 31. Rd4 Be5 32. Rg4+ Kf8 33. Nb6 Qd8 34. Re4 Qe7 35. Qf5 Qf6 36. Nd7+ 1-0

[Event "Guernsey op 43rd"]
[Site "Vale"]
[Date "2017.10.16"]
[Round "2"]
[White "Maloberti, David"]
[Black "Dijksterhuis, Rolf"]
[Result "0-1"]
[WhiteElo "2132"]
[BlackElo "1955"]
[PlyCount "80"]
[EventDate "2017.10.15"]
[EventType "swiss"]
[EventRounds "7"]
[EventCountry "GCI"]
[SourceTitle "CBM 181 Extra"]
[Source "ChessBase"]
[SourceDate "2017.12.12"]
[SourceVersion "1"]
[SourceVersionDate "2017.12.12"]
[SourceQuality "1"]

1. d4 d5 2. Bf4 Nf6 3. e3 e6 4. Bd3 Be7 5. Nc3 a6 6. h3 Nbd7 7. Nf3 b5 8. Ne5 Bb7 9. g4 Ne4 10. Bxe4 dxe4 11. Nxd7 Qxd7 12. g5 c5 13. Qg4 cxd4 14. 0-0-0 d3 15. Be5 Rc8 16. Rd2 Rc5 17. Bxg7 Rg8 18. Bd4 Rcxg5 19. Qf4 e5 20. Bxe5 Rf5 21. Qh2 Qe6 22. Bb8 b4 23. Nb1 Rc5 24. c3 bxc3 25. bxc3 Bf6 26. Qd6 Qxd6 27. Bxd6 Rc6 28. Rb2 Bc8 29. Bg3 Be7 30. Kd2 Rgg6 31. Rb8 Kd7 32. h4 h5 33. Rc1 Rb6 34. c4 Rxb8 35. Bxb8 Bxh4 36. Nc3 Bb7 37. Rh1 Bxf2 38. Rxh5 Rg2 39. Rh8 Bg1+ 40. Ke1 Bxe3 0-1

[Event "Guernsey op 40th"]
[Site "Vale"]
[Date "2014.10.23"]
[Round "5"]
[White "Dijksterhuis, Rolf"]
[Black "Purdon, Colin"]
[Result "1/2-1/2"]
[WhiteElo "1971"]
[BlackElo "2106"]
[PlyCount "84"]
[EventDate "2014.10.19"]
[EventType "swiss"]
[EventRounds "7"]
[EventCountry "GCI"]
[SourceTitle "EXT 2016"]
[Source "ChessBase"]
[SourceDate "2015.10.08"]
[SourceVersion "1"]
[SourceVersionDate "2015.10.08"]
[SourceQuality "1"]

1. d4 d5 2. c4 Nc6 3. Nf3 Bg4 4. e3 e6 5. Nc3 Nf6 6. Be2 Bd6 7. 0-0 0-0 8. a3 dxc4 9. Bxc4 e5 10. d5 Ne7 11. e4 Ng6 12. h3 Bd7 13. Re1 a6 14. Bg5 h6 15. Be3 Nh5 16. Bf1 Nhf4 17. Kh2 f5 18. g3 fxe4 19. Nxe4 Nh5 20. Nfd2 Nf6 21. Nxf6+ Qxf6 22. Ne4 Qf7 23. Rc1 Bf5 24. Bg2 Rad8 25. Qh5 Ne7 26. Qxf7+ Rxf7 27. Nxd6 cxd6 28. g4 Bd3 29. Rc7 Ng6 30. Rec1 Rdd7 31. Rxd7 Rxd7 32. Rc3 e4 33. Kg3 Ne7 34. h4 Bb1 35. Bf1 b5 36. a4 Nxd5 37. Rc8+ Kh7 38. axb5 Nxe3 39. fxe3 axb5 40. Bxb5 Rb7 41. Be8 g5 42. Rd8 Rxb2 1/2-1/2

[Event "Guernsey op 40th"]
[Site "Vale"]
[Date "2014.10.20"]
[Round "2"]
[White "Dilleigh, Stephen P"]
[Black "Dijksterhuis, Rolf"]
[Result "1/2-1/2"]
[WhiteElo "2128"]
[BlackElo "1971"]
[PlyCount "62"]
[EventDate "2014.10.19"]
[EventType "swiss"]
[EventRounds "7"]
[EventCountry "GCI"]
[SourceTitle "EXT 2016"]
[Source "ChessBase"]
[SourceDate "2015.10.08"]
[SourceVersion "1"]
[SourceVersionDate "2015.10.08"]
[SourceQuality "1"]

1. Nf3 d5 2. d4 Nf6 3. c4 c6 4. Nc3 e6 5. e3 Nbd7 6. Bd3 dxc4 7. Bxc4 b5 8. Bd3 a6 9. a4 b4 10. Ne4 c5 11. 0-0 Bb7 12. Ned2 Be7 13. Qe2 0-0 14. a5 Qc7 15. Nc4 Ne4 16. Nfd2 f5 17. f3 Nxd2 18. Bxd2 e5 19. dxe5 Nxe5 20. Nxe5 Qxe5 21. Bc4+ Kh8 22. b3 Rf6 23. Rad1 Qc7 24. Bc1 Rd6 25. Bb2 Qxa5 26. Rxd6 Bxd6 27. Qd3 Qc7 28. Qxf5 Qe7 29. e4 Rd8 30. e5 Bc7 31. Qf7 Qxf7 1/2-1/2

[Event "Guernsey op"]
[Site "Guernsey"]
[Date "2013.10.20"]
[Round "1"]
[White "Dijksterhuis, Rolf"]
[Black "Houska, Jovanka"]
[Result "0-1"]
[WhiteElo "1988"]
[BlackElo "2401"]
[PlyCount "50"]
[EventDate "2013.10.20"]
[EventType "swiss"]
[EventRounds "7"]
[EventCountry "GCI"]
[SourceTitle "CBM 157 Extra"]
[Source "ChessBase"]
[SourceDate "2013.12.19"]
[SourceVersion "1"]
[SourceVersionDate "2013.12.19"]
[SourceQuality "1"]

1. d4 d5 2. c4 e6 3. Nc3 Be7 4. Nf3 Nf6 5. e3 0-0 6. Bd3 dxc4 7. Bxc4 a6 8. a4 c5 9. 0-0 b6 10. b3 Bb7 11. Ba3 Nbd7 12. dxc5 Nxc5 13. Qe2 Qc7 14. Rfc1 Ng4 15. e4 Ne5 16. b4 Ncd7 17. Bb3 Nxf3+ 18. Qxf3 Qe5 19. Qg3 Rac8 20. f4 Qd4+ 21. Qf2 Bf6 22. e5 Nxe5 23. fxe5 Bxe5 24. Bb2 Bxh2+ 25. Kf1 Qd3+ 0-1

[Event "Krakow op-B 22nd"]
[Site "Krakow"]
[Date "2012.01.02"]
[Round "7"]
[White "Dijksterhuis, Rolf"]
[Black "Byrka, Joanna"]
[Result "1-0"]
[WhiteElo "1999"]
[BlackElo "1922"]
[PlyCount "52"]
[EventDate "2011.12.27"]
[EventType "swiss"]
[EventRounds "9"]
[EventCountry "POL"]
[SourceTitle "CBM 146 Extra"]
[Source "ChessBase"]
[SourceDate "2012.02.29"]
[SourceVersion "1"]
[SourceVersionDate "2012.02.29"]
[SourceQuality "1"]

1. e4 c5 2. Nf3 Nc6 3. d4 cxd4 4. Nxd4 Nf6 5. Nc3 d6 6. Bc4 e6 7. Bb3 Be7 8. Be3 a6 9. f3 Qc7 10. Qd2 0-0 11. 0-0-0 Na5 12. g4 b5 13. h4 Nc4 14. Bxc4 bxc4 15. h5 Rb8 16. g5 Nd7 17. g6 Nc5 18. Rdg1 Qb6 19. b3 cxb3 20. axb3 Bf6 21. Bg5 Bxg5 22. gxh7+ Kxh7 23. Qxg5 Rg8 24. Qg6+ Kh8 25. Qg5 Kh7 26. Nce2 a5 1-0

[Event "Guernsey op 37th"]
[Site "Guernsey"]
[Date "2011.10.22"]
[Round "7"]
[White "Dijksterhuis, Rolf"]
[Black "Thurlow, Kevin J"]
[Result "1/2-1/2"]
[WhiteElo "1998"]
[BlackElo "2033"]
[PlyCount "146"]
[EventDate "2011.10.16"]
[EventType "swiss"]
[EventRounds "7"]
[EventCountry "GCI"]
[SourceTitle "EXT 2012"]
[Source "ChessBase"]
[SourceDate "2011.11.24"]
[SourceVersion "1"]
[SourceVersionDate "2011.11.24"]
[SourceQuality "1"]

1. d4 Nf6 2. Nf3 e6 3. g3 b6 4. Bg2 Bb7 5. 0-0 Be7 6. c4 d5 7. Ne5 0-0 8. Nc3 c6 9. cxd5 cxd5 10. Bg5 Nfd7 11. Bxe7 Qxe7 12. Nxd7 Nxd7 13. Qd2 Rfc8 14. Rfc1 a6 15. e3 b5 16. Ne2 Nb6 17. b3 a5 18. Nf4 a4 19. Nd3 Nd7 20. Qb4 Qe8 21. Rxc8 Bxc8 22. Rc1 axb3 23. axb3 Nb8 24. Qxb5 Bd7 25. Qb4 Nc6 26. Qc3 Ne7 27. Nc5 Bb5 28. Ra1 Nf5 29. Ra5 Nd6 30. Qa1 Rb8 31. Qa3 Be2 32. Qa2 Bb5 33. Bf1 Bxf1 34. Kxf1 f6 35. Qa4 Qxa4 36. Rxa4 Ne4 37. Nxe4 dxe4 38. b4 Kf7 39. Ke2 Ke7 40. Kd2 g5 41. h3 Rb7 42. Kc3 Rc7+ 43. Kb2 f5 44. Ra5 h5 45. Re5 Kd6 46. Rc5 Rh7 47. b5 h4 48. gxh4 Rxh4 49. b6 Rh7 50. Kc3 Rb7 51. Rb5 Kc6 52. Kc4 Rxb6 53. Rxb6+ Kxb6 54. d5 Kc7 55. Kc5 Kd7 56. d6 f4 57. Kd4 fxe3 58. fxe3 Kxd6 59. Kxe4 Kd7 60. Ke5 Ke7 61. Ke4 Kf6 62. Kf3 Kf5 63. e4+ Kf6 64. Kg3 Ke5 65. Kg4 Kxe4 66. Kxg5 Kf3 67. h4 e5 68. h5 e4 69. h6 e3 70. h7 e2 71. h8Q e1Q 72. Qh3+ Qg3+ 73. Qxg3+ Kxg3 1/2-1/2

[Event "Guernsey op 37th"]
[Site "Guernsey"]
[Date "2011.10.17"]
[Round "2"]
[White "Campbell, Eoin S"]
[Black "Dijksterhuis, Rolf"]
[Result "0-1"]
[WhiteElo "1885"]
[BlackElo "1998"]
[PlyCount "70"]
[EventDate "2011.10.16"]
[EventType "swiss"]
[EventRounds "7"]
[EventCountry "GCI"]
[SourceTitle "EXT 2012"]
[Source "ChessBase"]
[SourceDate "2011.11.24"]
[SourceVersion "1"]
[SourceVersionDate "2011.11.24"]
[SourceQuality "1"]

1. Nf3 d5 2. g3 Nf6 3. Bg2 Nbd7 4. 0-0 e5 5. d3 Bd6 6. c4 c6 7. cxd5 cxd5 8. Nc3 d4 9. Nb5 Bb8 10. Bd2 a6 11. Qa4 0-0 12. Ba5 axb5 13. Bxd8 bxa4 14. Bxf6 Nxf6 15. Rfc1 Be6 16. Rc2 Bd6 17. Rac1 Rfc8 18. Ng5 Rxc2 19. Rxc2 Rc8 20. Rxc8+ Bxc8 21. Ne4 Nxe4 22. Bxe4 Kf8 23. a3 f5 24. Bd5 Ke7 25. h4 b5 26. h5 h6 27. Kg2 Be6 28. Bc6 Bd7 29. Bxd7 Kxd7 30. Kf3 Ke6 31. e3 dxe3 32. fxe3 Kd5 33. e4+ fxe4+ 34. dxe4+ Kd4 35. g4 Be7 0-1

[Event "Guernsey op 35th"]
[Site "Guernsey"]
[Date "2009.10.24"]
[Round "7"]
[White "Dijksterhuis, Rolf"]
[Black "Goessling, Guido"]
[Result "0-1"]
[WhiteElo "2045"]
[BlackElo "2277"]
[PlyCount "50"]
[EventDate "2009.10.18"]
[EventType "swiss"]
[EventRounds "7"]
[EventCountry "GCI"]
[SourceTitle "EXT 2010"]
[Source "ChessBase"]
[SourceDate "2010.11.25"]
[SourceVersion "1"]
[SourceVersionDate "2010.11.25"]
[SourceQuality "1"]

1. d4 d5 2. c4 c6 3. Nc3 Nf6 4. Nf3 e6 5. e3 Nbd7 6. cxd5 exd5 7. Be2 Bd6 8. 0-0 0-0 9. a3 a5 10. Qc2 Re8 11. Bd3 Qe7 12. Re1 Ne4 13. g3 Ndf6 14. Nd2 Bh3 15. Ndxe4 dxe4 16. Bf1 Qe6 17. Bg2 Qf5 18. Qe2 Bg4 19. Qf1 h5 20. h3 Bf3 21. Ne2 h4 22. g4 Nxg4 23. hxg4 Qxg4 24. Nf4 Bxf4 25. exf4 h3 0-1

[Event "Guernsey op 35th"]
[Site "Guernsey"]
[Date "2009.10.21"]
[Round "4"]
[White "Van Dijk, Bram"]
[Black "Dijksterhuis, Rolf"]
[Result "1-0"]
[WhiteElo "2173"]
[BlackElo "2045"]
[PlyCount "53"]
[EventDate "2009.10.18"]
[EventType "swiss"]
[EventRounds "7"]
[EventCountry "GCI"]
[SourceTitle "EXT 2010"]
[Source "ChessBase"]
[SourceDate "2010.11.25"]
[SourceVersion "1"]
[SourceVersionDate "2010.11.25"]
[SourceQuality "1"]

1. e4 e5 2. Nf3 Nf6 3. d3 Nc6 4. Bg5 Be7 5. Nc3 d6 6. h3 0-0 7. g3 h6 8. Be3 Be6 9. Bg2 d5 10. exd5 Nxd5 11. Qe2 Nxe3 12. fxe3 f5 13. 0-0-0 a5 14. d4 e4 15. d5 exf3 16. Bxf3 Ne5 17. dxe6 Qc8 18. Nd5 Bd6 19. Nf4 Nxf3 20. Qxf3 Bxf4 21. e7 Re8 22. Qd5+ Kh7 23. exf4 Rxe7 24. Rhe1 Rxe1 25. Rxe1 Ra6 26. Re7 a4 27. Qf7 1-0

[Event "Guernsey op 34th"]
[Site "Guernsey"]
[Date "2008.10.24"]
[Round "6"]
[White "Dijksterhuis, Rolf"]
[Black "Taylor, Mark V"]
[Result "0-1"]
[WhiteElo "2040"]
[BlackElo "2146"]
[PlyCount "60"]
[EventDate "2008.10.19"]
[EventType "swiss"]
[EventRounds "7"]
[EventCountry "GCI"]
[SourceTitle "EXT 2009"]
[Source "ChessBase"]
[SourceDate "2008.11.26"]
[SourceVersion "1"]
[SourceVersionDate "2008.11.26"]
[SourceQuality "1"]

1. e4 e6 2. d4 d5 3. Nc3 Bb4 4. Nge2 Nc6 5. e5 f6 6. exf6 Nxf6 7. a3 Ba5 8. Bg5 0-0 9. Qd3 e5 10. b4 Bb6 11. 0-0-0 Nxd4 12. Nxd4 Bxd4 13. Nb5 Bxf2 14. Bxf6 gxf6 15. Qf3 Bb6 16. Rxd5 Qe7 17. Nc3 Be6 18. Rd1 c6 19. Ne4 Rad8 20. Rxd8 Bxd8 21. Bd3 f5 22. Nc5 Bd5 23. Qe2 b6 24. Na4 b5 25. Nc3 a6 26. Qf2 e4 27. Be2 Qf6 28. Qc5 Be7 29. Nxd5 Qh6+ 30. Qe3 Bg5 0-1